| 000 | 00827cam a2200241 4500 | ||
|---|---|---|---|
| 001 | 613 | ||
| 005 | 20181127161733.0 | ||
| 008 | 730410s1937 nyu 000 1 eng | ||
| 010 | _a 37027406 | ||
| 043 | _ae-uk-en | ||
| 100 | 1 |
_aLawrence, D. H. _q(David Herbert), _d1885-1930. |
|
| 245 | 1 | 0 |
_aWomen in love / _cD. H. Lawrence; with a foreword by the author. |
| 260 |
_aNew York : _bModern Library, _c1950. |
||
| 300 |
_ax, 548 p. : _c18 cm. |
||
| 650 | 0 |
_aCoal mines and mining _xFiction. |
|
| 650 | 0 |
_aMale friendship _xFiction. |
|
| 650 | 0 |
_aSisters _xFiction. |
|
| 650 | 0 |
_aWomen _zEngland _xFiction. |
|
| 651 | 0 |
_aMidlands (England) _xFiction. |
|
| 655 | 7 |
_aLove stories. _2gsafd |
|
| 655 | 7 |
_aPsychological fiction. _2lcsh |
|
| 856 |
_a _uhttp://www2.hn.psu.edu/faculty/jmanis/dh-lawrence/Women-in-Love.pdf _yWomen in love _z _3 |
||
| 999 |
_c456 _d456 |
||